• 首页
  • 本馆介绍
  • 公告通知
  • 最新文献
  • 馆藏检索
  • 电子资源
  • 读者导购
  • 参考咨询
  • 我的图书馆
  • 登录
  • 详细信息显示
  • 放入我的书架
  • 预约/预借图书
  • 作者相关作品
  • 分类相关作品
  • 丛书相关作品
  • 出版社相关作品

书目信息

  • 表格格式
  • 工作单格式
  • 卡片格式
题名:
系统、网络与计算
    
 
作者: 阿坦斯 , Athans 著 ;宗孔德 译
分册:  
出版信息: 北京   人民教育出版社  1980
页数: 402页
开本: 26cm
丛书名:
单 册:
中图分类: TM744
科图分类:
主题词: 电力系统计算 , 电力网络分析
电子资源:
ISBN:
000 00912nam0 2200289 45
001 0180000062
005 20060911153138.87
010    @dCNY2.20
091    @a15012.0221
100    @a19960229d1980 em y0chiy0121 ea
101 1  @achi@ceng
102    @aCN@b110000
105    @ay z 000yy
200 10 @a系统、网络与计算@Axi tong wang luo yu ji suan@e多变量法@f(美)M.阿坦斯(M.Athans)等著@g宗孔德等译
210    @a北京@c人民教育出版社@d1980
215    @a402页@d26cm
300    @a书名原文:Systems,Networks,and Computation Multivariable Methods
510 1  @aSystems,Networks,and Computation Multivariable Methods@zeng
517 1  @a多变量法@Aduo bian liang fa
606    @a电力系统计算
606    @a电力网络分析
690    @aTM744@v3
701  1 @a阿坦斯@Aa tan si@bM.@4著
701 A1 @aAthans@bM.@4著
702  0 @a宗孔德@Azong kong de@4译
801  0 @aCN@bTSSF@c20060911
905    @a10447@dTM744@e26
    
    系统、网络与计算:多变量法/(美)M.阿坦斯(M.Athans)等著/宗孔德等译.-北京:人民教育出版社,1980
    402页;26cm
    书名原文:Systems,Networks,and Computation Multivariable Methods
    
    ISBN :CNY2.20
    
●
相关链接 在E读中查询图书 在五车中查询图书 在当当中查询图书 在豆瓣中查询图书


正题名:系统、网络与计算     索取号:TM744/26         预约/预借

序号 登录号 条形码 馆藏地/架位号 状态 备注
1 0470577   204705774   密集书库/ [索取号:TM744/26] 在馆    
唐山师范学院图书馆 欢迎您!
大连网信软件有限公司© 版权所有